[Event "Quebec-ch U16"]
[Site "Montreal"]
[Date "2011.11.27"]
[Round "5"]
[White "Robillard, Xavier"]
[Black "Plante, Santiago"]
[Result "0-1"]
[WhiteElo "993"]
[BlackElo "1133"]
[PlyCount "70"]
[EventDate "2011.11.25"]
[EventType "swiss"]
[EventRounds "5"]
[EventCountry "CAN"]
[SourceTitle "EXT 2022"]
[Source "ChessBase"]
[SourceDate "2021.10.06"]
[SourceVersion "1"]
[SourceVersionDate "2021.10.06"]
[SourceQuality "1"]

1. d4 Nf6 2. Nf3 g6 3. Nc3 Bg7 4. e4 d6 5. e5 dxe5 6. Be3 exd4 7. Bxd4 Nc6 8. Be3 Qxd1+ 9. Nxd1 Bg4 10. Be2 Nb4 11. Rc1 Nxa2 12. Rb1 Nb4 13. h3 Bf5 14. Nd4 Nxc2+ 15. Kd2 Nxe3 16. fxe3 Bxb1 17. Nc3 Ne4+ 18. Kc1 Nxc3 19. Nc2 Nxe2+ 20. Kxb1 0-0-0 21. Re1 Ng3 22. Nd4 Bxd4 23. exd4 Rxd4 24. Rxe7 Rhd8 25. Rxf7 Rd2 26. Rxh7 Rxg2 27. Rg7 Rdd2 28. Rg8+ Kd7 29. Rg7+ Ke6 30. Rxg6+ Kf5 31. Rg4 Rxb2+ 32. Kc1 Ne2+ 33. Kxb2 Rxg4 34. hxg4+ Kxg4 35. Kb3 Kf4 0-1